000 03044nam0a2200445 4500
001 RU\NLR\BIBL_A\012806668
005 20230410164321.0
010 _a978-5-00169-985-9
_93500
021 _aRU
_bКН-П-22-012309
_9КН-П-22-1046
035 _a(NLR Aleph) 012806668
035 _a(RuMoRGB)010994338
090 _a13199936
_c13199936
100 _a20220601d2022 u y0rusy50 ca
101 1 _arus
_ceng
102 _aRU
105 _ay z 000zy
181 0 _ai4
_baxxe
182 0 _an
200 1 _aКак делать полезные заметки
_dHow to take smart notes
_eэффективная система организации идей по методу Zettelkasten
_fЗонке Аренс
_gперевод с английского Екатерины Свешниковой
_zeng
203 _aТекст
_bвизуальный
_cнепосредственный
210 _aМосква
_cМанн, Иванов и Фербер
_d2022 [т. е. 2021]
215 _a222, [1] с.
_d25
225 1 _aСерия "Между строк"
300 _aАвт. также на англ. яз.: Sönke Ahrens
300 _aКн. фактически издана в 2021 г.
320 _aБиблиогр.: с. 211-223 (163 назв.) и в подстроч. примеч.
330 _aМетод Zettelkasten - это эффективная система организации полезной информации, идей для работы и учебы, развития мышления, придуманная немецким социологом Никласом Луманом. С помощью этой книги вы освоите принцип полезных заметок и поймете не только то, как он работает, но и почему. Неважно, кто вы и чем занимаетесь - учитесь в университете, пишете статьи или просто читаете книги и изучаете интересную информацию, - с помощью метода Zettelkasten вы научитесь делать это более продуктивно и без лишних усилий
333 _a16+
510 1 _6z44790
_aHow to take smart notes
_zeng
606 1 _aЗнание
_xУсвоение
_xПсихологические исследования
_jПопулярные издания
_2nlr_sh1
_3RU\NLR\AUTH\66645826
606 1 _aКонспекты
_xСоставление
_xМетодика
_jПопулярные издания
_2nlr_sh2
_3RU\NLR\AUTH\6601630342
606 1 _aТексты
_xВосприятие
_xПсихологические основы
_jПопулярные издания
_2nlr_sh1
_2nlr_sh2
_3RU\NLR\AUTH\661343869
686 1 _aЮ940.302-353я9
686 1 _aЮ944.1-513я9
700 1 _aАренс
_bЗ.
_gЗонке
790 1 _6z44510
_aAhrens
_bS.
_gSönke
942 _cBOOK
980 _aNB